| 000 | 00488nam a2200145Ia 4500 | ||
|---|---|---|---|
| 008 | 180905s9999 xx 000 0 und d | ||
| 020 | _a9789719808626 | ||
| 100 | _aClaudio,Lisandro E. | ||
| 245 |
_cLisandro E. Claudio, Patricio N. Abinales.-- _aThe contemporary world / |
||
| 260 |
_aQuezon city : _bC & E Publishing _c2018 |
||
| 300 |
_axii, 182 pages : _billustrations ; _c22 cm. |
||
| 500 | _aIncludes blibliography and index. | ||
| 650 | _aGlobalization. | ||
| 650 | _aWorld economics | ||
| 999 |
_c358554 _d358554 |
||